Movies Quiz

Random Movies or Famous Quiz

Famous Frocks Quiz Stats

Quiz not verified by Sporcle

Challenge
Share
Tweet
Score 0/22 Timer 08:00
0 Plays Today
% Correct
The Wizard of Oz
94.6%
Star Wars Episode IV
88.4%
101 Dalmatians
75.2%
The Seven Year Itch
71.3%
Black Swan
71.3%
The Sound of Music
65.1%
My Fair Lady
60.5%
Mary Poppins
57.4%
Pretty Woman
57.4%
Titanic
51.2%
Gone with the Wind
43.4%
% Correct
Enchanted
38.8%
Harry Potter and the Goblet of Fire
38%
Pirates of the Caribbean: Curse of the Black Pearl
34.1%
Lord of the Rings: Return of the King
24.8%
Atonement
24.8%
Hello Dolly!
23.3%
The Hunger Games
17.8%
The Addams Family
17.8%
Moulin Rouge!
14.7%
Sleepy Hollow
12.4%
An Affair to Remember
3.1%

You're not logged in!

Compare scores with friends on all Sporcle quizzes.
Sign Up with Email
OR
Log In

You Might Also Like...

Show Comments

Extras

Top Quizzes Today


Score Distribution

Your Account Isn't Verified!

In order to create a playlist on Sporcle, you need to verify the email address you used during registration. Go to your Sporcle Settings to finish the process.